| 000 | 00855cam a2200289 a 4500 | ||
|---|---|---|---|
| 999 |
_c8009 _d8009 |
||
| 001 | 8009 | ||
| 003 | BD-JhCC | ||
| 005 | 20180217135703.0 | ||
| 008 | 000207s1972 enk 00110 eng d | ||
| 020 | _a0713902795 | ||
| 035 | _a(BD-JhCC)8009 | ||
| 035 | _a2430955 | ||
| 040 |
_aVBX _cVBX _dBD-JhCC |
||
| 041 | _aeng | ||
| 082 | 1 |
_a330.954 _219 _bMYR 1972 |
|
| 100 | 1 |
_aMyrdal, Gunnar, _d1898- |
|
| 245 | 1 | 0 |
_aAsian drama : _ban inquiry into the poverty of nations / _cGunnar Myrdal ; an abridgement by Seth S. King of the Twentieth Century Fund Study. |
| 250 | _aAbridged ed. | ||
| 260 |
_aLondon : _bAllen Lane, _c1972. |
||
| 300 |
_ax, 388 p. ; _c23 cm. |
||
| 500 | _aIncludes index. | ||
| 651 | 0 |
_aAsia _xEconomic conditions. |
|
| 651 | 0 |
_aSoutheast Asia _xEconomic conditions. |
|
| 700 | 1 | _aKing, Seth S. | |
| 942 |
_2ddc _cBK |
||